000 00403nam a2200181Ia 4500
100 _aMittle/V.N/ Mittal/A
650 _aElectrical Engineering
250 _a2
942 _cBK
366 _f10
654 _aelectrical
245 _aBasic Electrical Engineering
260 _bTata McGraw Hill
_aNew Delhi
_c2006
082 _a621.3/MIT
_bMIT
300 _a828
546 _aENGLISH
999 _c25711
_d25711